000 00498nam#a2200205#c#4500
003 IEF
005 20180219150459.0
008 941205s1977 uuu####fr####| 0||u| |u
040 _aIEF
100 1 _aKing, Russell
_923784
245 _aLand reform : a world surrey
260 _aLondon
_b G. Bell
_c1977
300 _aXVI, 446 p.
_c 23 cm.
500 _aIndices. -- Bibliografía
650 4 _aREFORMA
_910750
650 4 _aAGRICULTURA
_98497
942 _cLIB
942 _z29739
999 _c7872
_d7872